000 01036cab a2200265 4500
001 ABS59845
008 090401t1998 xxu||||| |||| 00| 0 eng d
035 _a(Sirsi) u90139
041 _aeng
100 _aMurrells, P.
245 _aLegal update: surveyors` immunity as expert witnesses
260 _c1998
350 _a0
490 _aStructural Survey
_v16(4) 1998, 221-223(3)
520 _aReview of "Stanton and Stanton v Callaghan and Others" regarding claims for negligence and breach of contract against expert witnesses. Refers to previous court decisions and includes guidelines on the duties of expert witnesses as summarised by Justice Cresswell.
650 _aEXPERT WITNESSES
650 _aNATIONAL JUSTICE COMPANIA V PRUDENTIAL ASSURANCE CO LTD
650 _aIMMUNITY
650 _aPROFESSIONAL NEGLIGENCE
650 _aSTANTON AND STANTON V CALLAGHAN AND OTHERS
650 _aTERMS OF ENGAGEMENT
690 _aMANAGEMENT-BUSINESS MANAGEMENT-PROFESSIONAL PRACTICE
942 _n0
948 _c04/12/1998
999 _c57100
_d57100